Tapez I - Statistiques

Statistiques générales
  • Ce quiz a été pris 337 fois
  • Le résultat moyen est 12 sur 15
Statistiques - réponses
Tapez I % Correct
I
100%
I
80%
I
79%
I
79%
I
79%
I
78%
IIIIIII
78%
IIIIIIII
78%
IIIIIIII
78%
IIIIIIII
78%
IIIIIIIII
78%
II
77%
III
77%
IIIIII
77%
IIIIIII
77%
Aucun quiz correspondant
Distribution des résultats
% des personnes avec chaque résultat
Percentile par nombre de réponses
Votre historique - résultats
Vous n’avez pas pris ce quiz